Central Library OPAC University of Rajshahi

Tennyson : poems published in 1842./ (Record no. 77319)

MARC details
000 -LEADER
fixed length control field 00562nam a2200193 4500
001 - CONTROL NUMBER
control field 77319
003 - CONTROL NUMBER IDENTIFIER
rucl marc code BD-RjUL
005 - DATE AND TIME OF LATEST TRANSACTION
control field 20211209082946.0
008 - FIXED-LENGTH DATA ELEMENTS--GENERAL INFORMATION
fixed length control field 200312s1950 e ||||| |||| 00| 0 eng d
035 ## - SYSTEM CONTROL NUMBER
System control number (BD-RjUL)
040 ## - CATALOGING SOURCE
Original cataloging agency BD-RjUL
Language of cataloging eng
Transcribing agency BD-RjUL
041 ## - LANGUAGE CODE
Language code of text/sound track or separate title eng
082 ## - DEWEY DECIMAL CLASSIFICATION NUMBER
Edition number 19
Classification number 821.8
Author mark and year TEN 1950
245 ## - TITLE STATEMENT
Title Tennyson : poems published in 1842./
Statement of responsibility, etc. Alfred Tennyson Tennyson, Baron
260 ## - PUBLICATION, DISTRIBUTION, ETC. (IMPRINT)
Place of publication, distribution, etc. Oxford :
Name of publisher, distributor, etc. Clarendon Press,
Date of publication, distribution, etc. 1950
300 ## - PHYSICAL DESCRIPTION
Pagination iv, 432 p. ;
Size 18 cm
600 ## - SUBJECT ADDED ENTRY--PERSONAL NAME
Personal name Tennyson, Alfred Tennyson, Baron,
Dates associated with a name 1809-1892
942 ## - ADDED ENTRY ELEMENTS (KOHA)
Source of classification or shelving scheme Dewey Decimal Classification
Koha item type Books
Holdings
Lost status Source of classification or shelving scheme Damaged status Not for loan Collection code Permanent Location Current Location Shelving location Date acquired Total Checkouts Full call number Date last seen Copy number Koha item type
  Dewey Decimal Classification     Non-fiction Central Library, University of Rajshahi Central Library, University of Rajshahi   12/03/2020   821.8 TEN 1950 12/03/2020 C-2 Books